000 00276nam a2200133Ia 4500
100 _aAsghar/Jamil M.S
942 _cBK
654 _aPower
245 _aPower Electronics
260 _bPrentice Hall
_c2004
082 _a621.317
_bASG
300 _a492
546 _aENGLISH
999 _c25008
_d25008